| 000 | 01173nam a2200253 a 4500 | ||
|---|---|---|---|
| 001 | 000034699 | ||
| 003 | DO-SdBNP | ||
| 005 | 20250318153654.0 | ||
| 008 | 111019s1920 es 000 0 spa d | ||
| 040 |
_aDO-SdBNP _bspa _cBNPHU |
||
| 082 |
_a970 _bP437h |
||
| 100 | 1 |
_aPereyra, Carlos, _d1871 -1942 _960147 |
|
| 245 | 1 | 0 |
_aHistoria de América española / _cCarlos Pereyra. |
| 260 |
_aMadrid : _bEditorial Saturnino Calleja, _c1920. |
||
| 300 |
_a8 v. : _bil., facsims., mapas ; _c23 cm. |
||
| 504 | _aIncluye referencias bibliográficas y notas al pie de las páginas. | ||
| 505 | 2 |
_gv. 1. _tDescubrimiento y exploración del Nuevo Mundo -- _gv. 2. _tEl Imperio español -- _gv. 3. _tMéjico -- _gv. 4. _tLas Repúblicas del Plata -- _gv. 5. _tLos países antillanos y la América Central -- _gv. 6. _tColombia, Venezuela, Ecuador-- _gv. 7 _tPerú y Bolivia -- _gv. 8. _tChile. |
|
| 650 | 4 |
_aDescubrimientos geográficos _927535 |
|
| 650 | 4 |
_aIndígenas _933234 |
|
| 650 | 4 |
_aRazas nativas _960149 |
|
| 651 | 4 |
_aAmérica -- _xDescubrimiento y exploración -- _xEspañoles _9544 _vEnsayo, conferencias, etc. |
|
| 651 | 4 |
_aAmérica _xVida Social Y Costumbres _960148 |
|
| 942 |
_2ddc _cLBS1 |
||
| 999 |
_c34190 _d34190 |
||